[Event "Moscow op-E"]
[Site "Moscow"]
[Date "2011.01.30"]
[Round "2.147"]
[White "Sanzhaev, Darsen"]
[Black "Mazurov, Arslan"]
[Result "1-0"]
[WhiteElo "2174"]
[BlackElo "1758"]
[PlyCount "51"]
[EventDate "2011.01.29"]
[EventType "swiss"]
[EventRounds "9"]
[EventCountry "RUS"]
[SourceTitle "EXT 2022"]
[Source "ChessBase"]
[SourceDate "2021.10.06"]
[SourceVersion "1"]
[SourceVersionDate "2021.10.06"]
[SourceQuality "1"]

1. d4 e6 2. c4 d5 3. Nc3 f5 4. Bf4 Nf6 5. e3 c6 6. Bd3 Bd6 7. Nge2 0-0 8. 0-0 Kh8 9. f3 Rg8 10. Bxd6 Qxd6 11. e4 fxe4 12. fxe4 dxc4 13. e5 Qc7 14. Bc2 Nd5 15. Nf4 g5 16. Ncxd5 cxd5 17. Nh5 Qe7 18. Nf6 Rg7 19. Qh5 Nd7 20. Ne8 Nf8 21. Rxf8+ Qxf8 22. Nxg7 Qxg7 23. Rf1 Bd7 24. Rf7 Be8 25. Rf8+ Qxf8 26. Qxh7# 1-0

[Event "Moscow op-B"]
[Site "Moscow"]
[Date "2009.02.04"]
[Round "5"]
[White "Mazurov, Arslan"]
[Black "Malov, Lev Pavlovich"]
[Result "0-1"]
[WhiteElo "1553"]
[BlackElo "2036"]
[PlyCount "41"]
[EventDate "2009.01.31"]
[EventType "swiss"]
[EventRounds "9"]
[EventCountry "RUS"]
[SourceTitle "EXT 2012"]
[Source "ChessBase"]
[SourceDate "2011.11.24"]
[SourceVersion "1"]
[SourceVersionDate "2011.11.24"]
[SourceQuality "1"]

1. e4 c6 2. d4 d5 3. e5 f6 4. f4 Bf5 5. Nf3 e6 6. Bd3 Be4 7. c3 Qd7 8. 0-0 f5 9. Ng5 Nh6 10. Bxe4 fxe4 11. g4 Be7 12. h4 0-0 13. Na3 Nf7 14. Qe1 Nxg5 15. hxg5 Bxa3 16. bxa3 g6 17. Rb1 b6 18. Rb2 Na6 19. Rh2 Rf7 20. Kg2 Raf8 21. Rfh1 0-1

[Event "Moscow op-B"]
[Site "Moscow"]
[Date "2009.02.01"]
[Round "2"]
[White "Uraev, Ivan"]
[Black "Mazurov, Arslan"]
[Result "1-0"]
[WhiteElo "2194"]
[BlackElo "1553"]
[PlyCount "75"]
[EventDate "2009.01.31"]
[EventType "swiss"]
[EventRounds "9"]
[EventCountry "RUS"]
[SourceTitle "EXT 2012"]
[Source "ChessBase"]
[SourceDate "2011.11.24"]
[SourceVersion "1"]
[SourceVersionDate "2011.11.24"]
[SourceQuality "1"]

1. Nf3 d5 2. g3 Nf6 3. Bg2 e6 4. 0-0 Bd6 5. d4 c6 6. b3 0-0 7. Bb2 Ne4 8. c4 f5 9. e3 Nd7 10. Qc2 Ndf6 11. Ne5 Bd7 12. f3 Ng5 13. Nd2 Rc8 14. c5 Bb8 15. b4 Nf7 16. Nxf7 Rxf7 17. e4 fxe4 18. fxe4 Qe7 19. Rae1 Rcf8 20. e5 Ng4 21. Nf3 Bc7 22. Bc1 Be8 23. h3 Nh6 24. Kh2 Rf5 25. g4 Rxf3 26. Bxf3 Bg6 27. Qg2 Nf7 28. g5 Bd8 29. h4 Bd3 30. Be2 Be4 31. Qg3 h6 32. gxh6 Qxh4+ 33. Qxh4 Bxh4 34. hxg7 Kxg7 35. Rg1+ Kh7 36. Ref1 Bf5 37. Bg4 Bd3 38. Rf3 1-0